| 000 | 01433nam a22002771 4500 | ||
|---|---|---|---|
| 001 | he 65000053 | ||
| 003 | DLC | ||
| 005 | 20260227111427.0 | ||
| 008 | 850919s1965 is a b 00010 eng | ||
| 010 | _ahe 65000053 //r85 | ||
| 040 |
_aDLC/ICU _cICU |
||
| 041 | 1 | _aengrus | |
| 050 | 0 |
_aQL391.P9 _bU83 |
|
| 082 | 0 | _a595.170916652 | |
| 100 | 1 | 0 | _aUshakov, Pavel Vladimirovich. |
| 240 | 1 | 0 |
_aMnogoshchetinkovye chervi dalʹnevostochnykh moreĭ SSSR. _lEnglish |
| 245 | 1 | 0 |
_aPolychaeta of the far eastern seas of the U.S.S.R. _b(Mnogoshchetinkovye chervi dalʹnevostochnykh moreĭ SSSR) _c[by] P.V. Ushakov. Translated from the Russian [by Jean Salkind. Edited by Rae Finesilver]. |
| 260 | 0 |
_aJerusalem, _bIsrael Program for Scientific Translations _b[available from the Office of Technical Services, U.S. Dept. of Commerce, Washington] _c1965. |
|
| 300 |
_aix, 419 p. _billus. _c25 cm. |
||
| 500 | _aAt head of title: Akademiya nauk Soyuza Sovetskikh Sotsialisticheskikh Respublik, Academy of Sciences of the Union of Soviet Socialist Republics. Keys to the fauna of the U.S.S.R. published by the Zoological Institute of the Academy of Sciences of the U.S.S.R. no. 56. | ||
| 500 | _aPublished for the Smithsonian Institution and the National Science Foundation, Washington. | ||
| 504 | _aBibliography: p. 51-65. | ||
| 650 | 0 | _aPolychaeta. | |
| 710 | 2 | 0 | _aNational Science Foundation (U.S.) |
| 710 | 2 | 0 | _aSmithsonian Institution. |
| 999 |
_c30862 _d30862 |
||